[Event "Forchheim op 10th"]
[Site "Forchheim"]
[Date "2011.10.07"]
[Round "1"]
[White "Jahn, Manuel"]
[Black "Gruendel, Johannes"]
[Result "1-0"]
[WhiteElo "1706"]
[BlackElo "1529"]
[PlyCount "53"]
[EventDate "2011.10.07"]
[EventType "swiss"]
[EventRounds "5"]
[EventCountry "GER"]
[SourceTitle "CBM 144 Extra"]
[Source "ChessBase"]
[SourceDate "2011.10.28"]
[SourceVersion "1"]
[SourceVersionDate "2011.10.28"]
[SourceQuality "1"]

1. d4 d5 2. c4 e6 3. Nc3 Nf6 4. Bg5 Be7 5. e3 Nc6 6. Nf3 0-0 7. Be2 h6 8. Bf4 dxc4 9. Bxc4 Nd5 10. Bxd5 exd5 11. 0-0 Bg4 12. Qb3 Bxf3 13. gxf3 Bd6 14. Bxd6 Qxd6 15. Qxd5 Qg6+ 16. Kh1 Ne7 17. Qe5 Nf5 18. Rg1 Qh5 19. e4 Qxf3+ 20. Rg2 Rfe8 21. Qxf5 Qxf5 22. exf5 Rad8 23. Rag1 Rxd4 24. Rxg7+ Kh8 25. Rxf7 Rd2 26. f3 Rxb2 27. Ne4 1-0

[Event "Regionalliga SW 0809"]
[Site "Bayern"]
[Date "2008.11.30"]
[Round "3.7"]
[White "Jahn, Manuel"]
[Black "Barth, Thomas"]
[Result "1-0"]
[WhiteElo "1748"]
[BlackElo "1895"]
[PlyCount "71"]
[EventDate "2008.10.05"]
[EventType "team-tourn"]
[EventRounds "9"]
[EventCountry "GER"]
[SourceTitle "EXT 2020"]
[Source "ChessBase"]
[SourceDate "2019.10.17"]
[SourceVersion "1"]
[SourceVersionDate "2019.10.17"]
[SourceQuality "1"]
[WhiteTeam "Klosterlechfeld"]
[BlackTeam "Unterhaching"]
[WhiteTeamCountry "GER"]
[BlackTeamCountry "GER"]

1. d4 Nf6 2. Nc3 c5 3. Nf3 cxd4 4. Nxd4 Nc6 5. h3 g6 6. e4 d6 7. Bb5 Bd7 8. Nxc6 bxc6 9. Bc4 Bg7 10. 0-0 0-0 11. Be3 Qa5 12. Rb1 Rab8 13. Qd2 Rfd8 14. f4 Qc7 15. Qf2 Be6 16. Bxe6 fxe6 17. e5 Nd5 18. Nxd5 exd5 19. Bxa7 Rb7 20. exd6 Qxd6 21. Bd4 Bxd4 22. Qxd4 Rb4 23. Qd2 Rf8 24. f5 gxf5 25. Qg5+ Qg6 26. Qxe7 Re4 27. Qc5 f4 28. Rf2 Rc4 29. Qe7 Re8 30. Qd7 Re3 31. Rbf1 Rg3 32. Re1 Re4 33. Rxe4 Qxe4 34. Qd8+ Kg7 35. Qc7+ Kg8 36. Qxf4 1-0